Microelectronics Circuits: (Record no. 588480)

000 -LEADER
fixed length control field 00480nam a22001457a 4500
020 ## - INTERNATIONAL STANDARD BOOK NUMBER
International Standard Book Number 9780190853501
082 ## - DEWEY DECIMAL CLASSIFICATION NUMBER
Classification number 621.3815
Author Mark SED
100 ## - MAIN ENTRY--PERSONAL NAME
Personal name Sedra, Adel S.
245 ## - TITLE STATEMENT
Title Microelectronics Circuits:
Statement of responsibility, etc. Adel S. Sedra, Kenneth C. Smith, Tony Chan Carusone, Vincent Gaudet
250 ## - EDITION STATEMENT
Edition statement 8th International Edition.
260 ## - PUBLICATION, DISTRIBUTION, ETC.
Place of publication, distribution, etc. New York :
Name of publisher, distributor, etc. Oxford University Press,
Date of publication, distribution, etc. 2021.
300 ## - PHYSICAL DESCRIPTION
Extent 1212p. ;
Dimensions 25 cm.
942 ## - ADDED ENTRY ELEMENTS (KOHA)
Source of classification or shelving scheme
Koha item type Book
Holdings
Withdrawn status Lost status Source of classification or shelving scheme Damaged status Not for loan Permanent Location Current Location Shelving location Date acquired Source of acquisition Total Checkouts Total Renewals Full call number Barcode Checked out Date last seen Date last checked out Price effective from Koha item type
          Central Library (CL) Central Library (CL) Electrical Engineering 03/01/2022 Golden Books 4 9 621.3815 SED CL-984 12/16/2025 08/18/2025 08/18/2025 03/01/2022 Book
© 2023 Central Library, National University of Sciences and Technology. All Rights Reserved.